000 00384 a2200145 4500
082 _a330.03
090 _c4606
_d4606
100 _aShakti Malik
245 _aA Glossary of Some Terms Used in Development and Planning.
_cShakti Malik
250 _a1st
260 _aNew Delhi
_babhinav publications.
_c1980
300 _a144p
500 _aHard Cover
942 _aNBS
_cBK
_k330.03 GLO
999 _c347047
_d347047